000
00290nam a22001337a 4500
008
180214b xxu||||| |||| 00| 0 eng d
020
_a
9780273787075
041
_a
eng
080
_a
658
100
_a
54
101
_a
MAN
245
_a
OPERATIONS MANAGEMENT
_c
RENDER.B
942
_2
udc
_c
BK
999
_c
42496
_d
42496